00697 a2200169 4500003000500000005001700005040000900022082001600031100003200047245015700079260003300236300001100269505018300280650001600463651001100479700003700490NUST20251111185246.0 cNust a621.382,GHA aGafoor, NC Fasisal (TCC-10) aImplementation of convolutional encoding and Viterbi decoding /cNC Fasisal Gafoor, NC Yasir Faiz, NC Asif Javaid, PC Zeeshan Razzaq and GC Usman Safdar bRawalpindicMCS (NUST)a2002 a93 p.; aDigital Communication and Coding Theory (Page-1), Convolutional Encoding and Decoding technique (Page-17), Software Description (Page-73), Analysis and Recommendations (Page-90). aUG Projects aTCC-10 aSupervised by Dr.M. Nauman Jafri